[Event "HUN-chT1"]
[Site "HUN"]
[Date "1995.??.??"]
[Round "?"]
[White "Gyurkovics, Miklos"]
[Black "Rovid, Kalman"]
[Result "0-1"]
[WhiteElo "2260"]
[BlackElo "2385"]

1.c4 Nf6 2.Nc3 c5 3.Nf3 d5 4.cxd5 Nxd5 5.e3 Nc6 6.d4 cxd4 7.exd4 g6 8.Bc4 Nxc3
9.Qb3 Nd5 10.Bxd5 e6 11.Bxc6+ bxc6 12.Qa4 Bd7 13.O-O Bg7 14.Qa3 f6 15.Bf4 Kf7
16.Rfe1 Re8 17.Rac1 Bf8 18.Qe3 Qa5 19.a3 Qd5 20.Rc3 Rac8 21.Rec1 Red8 22.h3 Be8
23.g4 g5 24.Bxg5 fxg5 25.Nxg5+ Kg8 26.Re1 Bh6 27.Qxe6+ Qxe6 28.Nxe6 Bd2 29.Rf3 Bd7
30.Nxd8 Bxe1 31.Nf7 Bd2 32.Ne5 Be6 33.Rd3 Bf4 34.Rf3 Bg5 35.Kh2 Kg7 36.Kg3 Bd5
37.Rf5 Bc1 38.Nd3 Bd2 39.Re5 Kf7 40.Re2 Ba5 41.Ne5+ Kg7 42.Nd7 Bd8 43.f4 Rc7
44.Ne5 Rb7 45.g5 h6 46.h4 Rb3+ 47.Kg4 h5+ 48.Kxh5 Bc7 49.Kg4 Bxe5 50.Rxe5 Bf3+
51.Kf5 Rb7 52.Re6 a5 53.g6 Rd7 54.Kg5 Rxd4 55.h5 Bxh5  0-1

[Event "HUN-chT1"]
[Site "HUN"]
[Date "1995.??.??"]
[Round "?"]
[White "Gyurkovics, Miklos"]
[Black "Ortel, Endre"]
[Result "0-1"]
[WhiteElo "2260"]
[BlackElo "2345"]

1.c4 c5 2.Nf3 Nf6 3.Nc3 e6 4.e3 Be7 5.d4 cxd4 6.exd4 d5 7.a3 b6 8.cxd5 Nxd5
9.Bb5+ Bd7 10.Bd3 O-O 11.Qc2 h6 12.h4 Nf6 13.Bg5 Re8 14.Bf4 Bc6 15.O-O-O a6
16.Ne5 b5 17.Kb1 b4 18.axb4 Bxb4 19.Na2 Bd6 20.Rh3 Bd5 21.Nc3 Qc7 22.Qd2 Kf8
23.Rc1 Rc8 24.Bxh6 Bxe5 25.Bxg7+ Kxg7 26.Qg5+ Kf8 27.dxe5 Nfd7 28.Rg3 Ke8
29.Qh6 Nf8 30.Ne4 Qxc1+ 31.Qxc1 Ba2+ 32.Kxa2 Rxc1 33.Nd6+ Kd7 34.Rg7 Nc6
35.Rxf7+ Ne7 36.f4 Rd1 37.Be4 Rb8 38.f5 Rxd6 39.exd6 Kxd6 40.f6 Nf5 41.h5 Ke5
42.Bd3 Rd8 43.Bxa6 Ra8 44.Kb1 Nh6 45.Rc7 Rxa6 46.Kc2 Kxf6 47.b4 e5 48.b5 Rb6
49.Rc6+ Rxc6+ 50.bxc6 Ne6 51.Kd3 Kf5 52.Ke3 Ng4+ 53.Kd2 Ke4 54.Ke1 Kd5  0-1

[Event "HUN-chT1"]
[Site "HUN"]
[Date "1995.??.??"]
[Round "?"]
[White "Bauer, Peter2"]
[Black "Pergel, Laszlo"]
[Result "1/2-1/2"]
[WhiteElo "2200"]
[BlackElo "2145"]

1.c4 c5 2.Nf3 Nf6 3.Nc3 e6 4.e3 b6 5.d4 cxd4 6.exd4 Bb7 7.Be2 d6 8.O-O Be7
9.Bf4 O-O 10.Rc1 a6 11.Re1 Nbd7 12.Bd3 Rc8 13.b3 d5 14.Ne5 dxc4 15.bxc4 Bb4
16.Bg5 Be7 17.Qe2 h6 18.Bh4 Nxe5 19.dxe5 Nd7 20.Bg3 Nc5 21.Bb1 Qc7 22.f3 Rfd8
23.Red1 Rxd1+ 24.Rxd1 Rd8 25.Rxd8+ Qxd8 26.Qc2 g6 27.Qd1 Qxd1+ 28.Nxd1 Na4
29.Bc2 Bc6 30.Bf2 Nc5 31.Nc3 Nd7 32.f4 Bc5 33.Be4 Bxe4 34.Nxe4 Kf8 35.Bxc5+ Nxc5
36.Nxc5 bxc5 37.Kf2 Ke7 38.Ke3 Kd7 39.Kd3 Kc6 40.Kc3 Kb6 41.Kb3 Ka5  1/2-1/2

[Event "HUN-chT1 9596"]
[Site "HUN"]
[Date "1995.??.??"]
[Round "1"]
[White "Mann, Gerald"]
[Black "Kovacs, Laszlo M"]
[Result "1/2-1/2"]
[WhiteElo "2330"]
[BlackElo "2360"]

1.c4 c5 2.Nf3 Nf6 3.Nc3 g6 4.d4 Bg7 5.g3 O-O 6.Bg2 Na6 7.O-O d6 8.b3 Bd7
9.Qd2 Rb8 10.a4 cxd4 11.Nxd4 Nc5 12.Rd1 e5 13.Ndb5 Nxb3 14.Qa2 Nxa1 15.Qxa1 Bxb5
16.Nxb5 a6 17.Nxd6 Qc7 18.Qxe5 Ne8 19.Qf4 Nxd6 20.Rxd6 b5 21.Rc6 Qa5 22.Bd5 bxc4
23.Bxc4 Rb1 24.Kg2 Qe1 25.Rc7 Rxc1 26.Bxf7+ Kh8 27.Rxc1 Qxe2 28.Qc4 Qe5 29.Bd5 a5
30.Rc2 Qd4 31.Qxd4 Bxd4 32.f4  1/2-1/2

[Event "HUN-chT1 9596"]
[Site "HUN"]
[Date "1995.??.??"]
[Round "2"]
[White "Szilagyi, Peter"]
[Black "Erdelyi, Tamas"]
[Result "1-0"]
[WhiteElo "2400"]
[BlackElo "2305"]

1.Nf3 c5 2.c4 Nf6 3.Nc3 g6 4.e4 Bg7 5.d4 cxd4 6.Nxd4 d6 7.Be2 O-O 8.O-O Nc6
9.Be3 Qa5 10.Nb3 Qd8 11.Rc1 b6 12.f4 Bb7 13.Bf3 Rb8 14.Rf2 Re8 15.Rd2 Qc8
16.Bf2 Ra8 17.Nd5 Qb8 18.Bh4 Nd7 19.e5 Nc5 20.exd6 exd6 21.Nf6+ Bxf6 22.Bxf6 Re6
23.Bc3 Ne4 24.f5 gxf5 25.Bxe4 fxe4 26.Rd5 Ne5 27.Bxe5 Bxd5 28.Bc3 Bb7 29.Nd4 Rg6
30.Nf5 Qd8 31.Qd4 f6 32.b4 Qd7 33.Rf1 Re8 34.Nh4 Rh6 35.Rxf6 Rxf6 36.Qxf6 Bc8
37.Qh8+ Kf7 38.Qg7+ Ke6 39.Qf6+  1-0

[Event "HUN-chT2 9596"]
[Site "HUN"]
[Date "1995.??.??"]
[Round "2"]
[White "Bauer, Peter2"]
[Black "Halasz, Jozsef"]
[Result "1-0"]
[WhiteElo "2200"]
[BlackElo "2140"]

1.c4 Nf6 2.Nc3 c5 3.Nf3 g6 4.e4 d6 5.d4 cxd4 6.Nxd4 Bg7 7.Be2 O-O 8.O-O Nbd7
9.Be3 a6 10.Rc1 Nc5 11.f3 Ne6 12.Qd2 Nxd4 13.Bxd4 Be6 14.b3 Nd7 15.f4 Bxd4+
16.Qxd4 f6 17.Rf2 Qb6 18.Qxb6 Nxb6 19.Nd5 Bxd5 20.exd5 f5 21.g4 Rf7 22.gxf5 gxf5
23.Bd3 Rg7+ 24.Kh1 Rf8 25.Rg1 h6 26.Re1 Na8 27.Rfe2 Rff7 28.Re6 Kh7 29.Be2 Nc7
30.Re3 e5 31.dxe6 Re7 32.Bf3 b6 33.Bh5 d5 34.Re5 dxc4 35.bxc4 a5 36.Bf7 Na6
37.Rxf5 Nc5 38.Re3 Na4 39.Rfe5 Rg4 40.Rf3 Kg7 41.h3 Rh4 42.Kh2 Kf6 43.Kg3  1-0

[Event "HUN-chT1 9596"]
[Site "HUN"]
[Date "1995.??.??"]
[Round "4"]
[White "Marosi, Gyorgy"]
[Black "Mayer, Istvan"]
[Result "1/2-1/2"]
[WhiteElo "2280"]
[BlackElo "2275"]

1.Nf3 Nf6 2.c4 c5 3.Nc3 g6 4.d4 cxd4 5.Nxd4 Bg7 6.e4 d6 7.Be2 Nc6 8.Be3 Bd7
9.Qd2 Rc8 10.f3 O-O 11.Rc1 a6 12.O-O Nxd4 13.Bxd4 Be6 14.b3 Nd7 15.Bxg7 Kxg7
16.f4 f6 17.Bf3 Bf7 18.Bg4 Rc6 19.e5 fxe5 20.Bxd7 Qxd7 21.fxe5 Qe6 22.exd6 Qxd6
23.Qf2 Qc5 24.Qxc5 Rxc5 25.Rce1 Re8 26.Re3 b5 27.cxb5 axb5 28.b4 Rxc3 29.Rxc3 Bxa2
30.Rc7 Bc4 31.Rf4 g5 32.Re4 Kf6 33.Kf2 h5 34.Ke3 Bd5 35.Rd4 Bxg2 36.Rc5 Bf1
37.h4 e5 38.hxg5+ Kxg5 39.Re4 Kf6 40.Rh4 Kg5 41.Rh1 Bc4 42.Ke4 h4 43.Rg1+ Kf6
44.Rc6+ Be6 45.Rb6 h3 46.Rf1+ Kg5 47.Rxb5 Bc4 48.Rg1+ Kh4 49.Rb7 Rh8 50.Rc7 Be2
51.Rc2 Ba6 52.Kxe5 Rb8 53.Rb2 Bb7 54.Kd6 Bg2 55.b5 Rg8 56.b6 Rg7 57.Rb4+ Kh5
58.Rb2 Kh4 59.Kc5 h2 60.Rc1 Kg3 61.Rc3+ Kh4 62.Rc4+ Kg3 63.Rc3+ Kh4  1/2-1/2

[Event "Katowice op"]
[Site "Katowice"]
[Date "1995.??.??"]
[Round "6"]
[White "Spicak, Krzysztof"]
[Black "Raszka, Janusz"]
[Result "0-1"]
[WhiteElo "2175"]
[BlackElo "2285"]

1.c4 c5 2.Nf3 Nf6 3.Nc3 d5 4.cxd5 Nxd5 5.g3 Nc6 6.Bg2 Nc7 7.O-O e5 8.d3 Be7
9.b3 Be6 10.Bb2 Qd7 11.Rc1 b6 12.Qd2 f6 13.Ne1 Rc8 14.Nc2 O-O 15.e3 Rfd8
16.Rfd1 Nd5 17.Nxd5 Bxd5 18.e4 Be6 19.Qe2 a5 20.Bc3 a4 21.Rb1 b5 22.f4 axb3
23.axb3 b4 24.Be1 Ra8 25.f5 Bf7 26.Bf1 Ra2 27.Bf2 Na5 28.Ra1 Rxa1 29.Nxa1 Nxb3
30.Nxb3 Bxb3 31.Rc1 Rc8 32.Qb2 Bf7 33.Be2 h6 34.Kf1 Qd6 35.Ra1 Qb6 36.Ra4 b3
37.Be1 Qb7 38.Bd1 Qb5 39.Ra7 Qxd3+ 40.Be2 Qd6 41.Bc3 c4 42.g4 Qc5 43.Rb7 Bd8
44.Kg2 Qc6 45.Rxf7 Kxf7 46.Kf3 Bb6  0-1

[Event "Katrineholm"]
[Site "Katrineholm"]
[Date "1995.??.??"]
[Round "?"]
[White "Akesson, Ralf"]
[Black "Sjoberg, Mats"]
[Result "0-1"]
[WhiteElo "2500"]
[BlackElo "2435"]

1.Nf3 Nf6 2.c4 e6 3.Nc3 c5 4.g3 b6 5.Bg2 Bb7 6.O-O Be7 7.b3 O-O 8.Bb2 d6
9.e3 Na6 10.Qe2 d5 11.d3 Bd6 12.Nh4 Re8 13.f4 Bf8 14.Nf3 Nb4 15.Ne5 Rb8 16.e4 d4
17.Nd1 Nd7 18.Nf3 f5 19.Nf2 g6 20.a3 Na6 21.b4 Nc7 22.b5 a6 23.a4 Ra8 24.e5 Ra7
25.Nd2 Bxg2 26.Kxg2 g5 27.Qh5 Qa8+ 28.Kg1 gxf4 29.gxf4 Re7 30.Nh1 Rg7+ 31.Ng3 Rg4
32.Rab1 axb5 33.axb5 Ra2 34.Rf2 Ne8 35.Nf1 Ng7 36.Qh3 h5 37.Rg2 Qf3 38.Bc1 Qxd3
39.Rxa2 Qxb1 40.Ra7 Qxc1 41.Rxd7 h4  0-1

[Event "Katrineholm"]
[Site "Katrineholm"]
[Date "1995.??.??"]
[Round "?"]
[White "Olafsson, Helgi"]
[Black "Akesson, Ralf"]
[Result "1/2-1/2"]
[WhiteElo "2520"]
[BlackElo "2500"]

1.c4 Nf6 2.Nc3 c5 3.Nf3 e6 4.g3 b6 5.Bg2 Bb7 6.O-O Nc6 7.e3 Be7 8.d4 cxd4
9.exd4 d5 10.cxd5 Nxd5 11.Nxd5 exd5 12.Bf4 O-O 13.Rc1 Bd6 14.Ne5 Ne7 15.Re1 Rc8
16.Qa4 a6 17.Qb3 Rxc1 18.Rxc1 Ng6 19.Nxg6 hxg6 20.Bxd6 Qxd6 21.Qe3 Rd8 22.Qe5 Qxe5
23.dxe5 Rd7 24.f4 f6 25.exf6 gxf6 26.Kf2 Kf7 27.Ke2 g5 28.f5 Ke7 29.Kd3 Kd6
30.Re1 Kc5 31.Rc1+ Kd6 32.Kd4 Re7 33.Rc2 Re1 34.Bf3 Re5 35.g4 Re1 36.Rc3 Bc6
37.Rb3 Rf1 38.a3  1/2-1/2

[Event "Kemerovo2"]
[Site "Kemerovo"]
[Date "1995.??.??"]
[Round "9"]
[White "Khasin, Alexander"]
[Black "Tataev, Manach"]
[Result "1-0"]
[WhiteElo "2485"]
[BlackElo "2315"]

1.c4 c5 2.Nf3 Nf6 3.Nc3 g6 4.g3 Bg7 5.Bg2 O-O 6.d4 d6 7.O-O Nc6 8.dxc5 dxc5
9.Bf4 Be6 10.Ne5 Na5 11.Qa4 Qb6 12.Nd5 Bxd5 13.cxd5 Rfe8 14.Bd2 Qd6 15.Nxf7 Kxf7
16.Bxa5 Qa6 17.Qa3 Qxe2 18.Bc3 Qb5 19.Rfe1 b6 20.d6 exd6 21.Bxa8 Rxa8 22.Rad1 Qc6
23.Qb3+ c4 24.Qa3 Bf8 25.Bxf6 Kxf6 26.Qc3+ Kf7 27.Qh8 Re8 28.Qxh7+ Bg7 29.Rxe8 Qxe8
30.Rd4 Qe5 31.Rf4+ Ke7 32.Qxg6  1-0

[Event "Kemerovo2"]
[Site "Kemerovo"]
[Date "1995.??.??"]
[Round "11"]
[White "Makarov, Marat"]
[Black "Mikhailov, V."]
[Result "1-0"]
[WhiteElo "2520"]
[BlackElo "2355"]

1.Nf3 Nf6 2.c4 c5 3.Nc3 b6 4.g3 Bb7 5.Bg2 g6 6.O-O Bg7 7.d4 cxd4 8.Qxd4 Nc6
9.Qf4 Rc8 10.Rd1 Nh5 11.Qe3 Nb4 12.Rb1 Rxc4 13.Ne5 Bxe5 14.Qxe5 f6 15.Qb5 Ba6
16.Qa4 Qc8 17.Qb3 Ng7 18.Nd5 Nc6 19.Qa3 Ne6 20.Be3 Kf7 21.Rd2 Bb7 22.b3 Rc5
23.b4 Rb5 24.Qd3 Rxd5 25.Qxd5 Qa8 26.Qb3 Ne5 27.Bxb7 Qxb7 28.Bf4 Rc8 29.Bxe5 fxe5
30.Rbd1 d6 31.Rc2 Rxc2 32.Qxc2 Nd4 33.Qc4+ Kf6 34.f3 b5 35.Qd3 Qd5 36.a3 Qa2
37.Kf2 a6 38.f4 Qf7 39.fxe5+ Kxe5+ 40.Ke1 Nf5 41.Qc3+ Ke4 42.Qf3+ Ke5 43.g4  1-0

[Event "Las Palmas op"]
[Site "Las Palmas"]
[Date "1995.??.??"]
[Round "5"]
[White "Pogorelov, Ruslan"]
[Black "Suba, Mihai"]
[Result "0-1"]
[WhiteElo "2445"]
[BlackElo "2485"]

1.Nf3 c5 2.c4 Nf6 3.Nc3 e6 4.g3 b6 5.Bg2 Bb7 6.O-O a6 7.d4 cxd4 8.Qxd4 d6
9.Rd1 Be7 10.b3 Nbd7 11.e4 Qc8 12.Bb2 O-O 13.Nd2 Qc7 14.Rac1 Rac8 15.h3 Rfe8
16.a3 Bf8 17.Re1 Qb8 18.b4 Ba8 19.Qd3 g6 20.Qe2 Bh6 21.Rcd1 Qc7 22.Ncb1 Bc6
23.Rc1 Qb8 24.Nc3 b5 25.cxb5 axb5 26.Rcd1 Ne5 27.f4 Ned7 28.Qf2 Bg7 29.Nb3 e5
30.f5 gxf5 31.Qxf5 Nb6 32.Na5 Bd7 33.Qf2 Nc4 34.Nxc4 Rxc4 35.Rd3 Bc6 36.g4 Rd8
37.Qd2 h6 38.g5 hxg5 39.Qxg5 Nh7 40.Qg3 Kh8 41.Rf3 Qb7 42.Kh1 Rg8 43.Qh4 Bf8
44.Ref1 Rg7 45.Bc1 Be7 46.Qh5 f6 47.Re1 Qb6 48.Bf1 Qg1+  0-1

[Event "Leeuwarden op"]
[Site "Leeuwarden"]
[Date "1995.??.??"]
[Round "5"]
[White "Reinderman, Dimitri"]
[Black "Ulibin, Mikhail"]
[Result "1/2-1/2"]
[WhiteElo "2455"]
[BlackElo "2545"]

1.c4 c5 2.Nf3 Nf6 3.Nc3 e6 4.d4 cxd4 5.Nxd4 Bb4 6.Nb5 O-O 7.Bf4 d5 8.a3 Bxc3+
9.bxc3 Nc6 10.cxd5 exd5 11.e3 Bg4 12.f3 Be6 13.Bd3 Nh5 14.Bg3 Nxg3 15.hxg3 h6
16.Kf2 Ne5 17.Be2 a6 18.Nd4 Rc8 19.Qb3 Rc7 20.Rhd1 Qf6 21.f4 Ng4+ 22.Bxg4 Bxg4
23.Rd2 Qe7 24.Qb4 Qe4 25.Qb1 Rxc3 26.Qxe4 dxe4 27.Rb2 Rc7 28.Rb5 Rd8 29.Rab1 Rdd7
30.R1b2 Kf8 31.Nb3 Rd1 32.Nd2 f5 33.a4 Kg8 34.Nb3 Rh1 35.a5 Rd1 36.Rb4 Kh7
37.Rd4 Rd3 38.Rxd3 exd3 39.Ke1 Rc4 40.Kd2 Be2 41.Nd4 Bf1 42.Nxf5 Rc5 43.Nd6 Rxa5
44.Nxb7 Ra3 45.e4 Bxg2 46.Nd6 Kg6 47.Rb6 Kh5 48.e5 Bf1 49.Rb2 Bh3 50.f5 Ra5
51.f6 gxf6 52.exf6 Be6 53.f7 Bxf7 54.Nxf7 Kg4 55.Nxh6+  1/2-1/2

[Event "GER-ch U20"]
[Site "Leipzig"]
[Date "1995.??.??"]
[Round "4"]
[White "Lauber, Arnd"]
[Black "Wilhelmi, Christian"]
[Result "1/2-1/2"]
[WhiteElo "2290"]
[BlackElo "2315"]

1.Nf3 Nf6 2.c4 c5 3.Nc3 b6 4.g3 Bb7 5.Bg2 e6 6.O-O Be7 7.Re1 O-O 8.e4 d6
9.d4 cxd4 10.Nxd4 Qc8 11.Be3 Nbd7 12.f4 Rd8 13.Rc1 a6 14.f5 e5 15.Nd5 Nxd5
16.cxd5 Nc5 17.Ne2 a5 18.Nc3 Ba6 19.Bf1 Bxf1 20.Rxf1 Qd7 21.a4 Rdc8 22.h4 Bd8
23.Kg2 Be7 24.Rh1 Kh8 25.Rf1 Kg8 26.b3 Qb7 27.Bxc5 Rxc5 28.Nb5 Rac8 29.Qd2 Qa6
30.Rxc5 bxc5 31.Rc1 Rb8 32.Rc4 Qb6 33.Qe1 Kh8 34.Rc2 Rg8 35.Rf2 Rc8 36.Rc2 Rg8
37.Rf2 Rc8 38.Qe3 Rb8 39.Rf3 Kg8 40.Rf1 Kh8 41.Kf3 Kg8 42.Ke2 Qa6 43.Kd2 Qb6
44.Kc2 Rb7 45.Na3 Qd8 46.Nc4 Rb4 47.Rh1 h6 48.Qd3 Kf8 49.Qe3 Kg8 50.Qe1 Qc7
51.g4 f6 52.Qg3 Kf8 53.Qf3 Kg8 54.Qh3 Qb8 55.Rf1 Kh8 56.Rg1 Qd8 57.Rg3 Rb8
58.Rg1  1/2-1/2

[Event "Linares zt"]
[Site "Linares"]
[Date "1995.??.??"]
[Round "3"]
[White "Daly, Colm"]
[Black "Quadrio, Alexandre"]
[Result "1-0"]
[WhiteElo "2280"]
[BlackElo "2225"]

1.c4 Nf6 2.Nc3 e6 3.Nf3 c5 4.g3 Be7 5.Bg2 O-O 6.O-O Nc6 7.b3 a6 8.Bb2 Qc7
9.e3 Rd8 10.Rc1 d5 11.cxd5 exd5 12.d4 cxd4 13.Nxd4 Bg4 14.Nce2 Qd7 15.f3 Be6
16.Nf4 Nxd4 17.exd4 Bf5 18.g4 Qd6 19.Qd2 Bd7 20.Rfe1 h6 21.Re5 Rac8 22.Rce1 Re8
23.Bf1 Bd8 24.Bd3 Bb6 25.Kh1 Bc6 26.Bb1 Qd7 27.a4 Rxe5 28.Rxe5 Re8 29.Qd3 Rxe5
30.dxe5 Ne4 31.Bd4 Bxd4 32.Qxd4 Ng5 33.Kg2 Ne6 34.Nxe6 Qxe6 35.Bc2 Qe7 36.b4 Qd7
37.a5 Qe7 38.Bd1 h5 39.h3 Qh4 40.Qd2 Qe7 41.Qc3 Qg5 42.Qd4 Qh4 43.f4 Qe1
44.gxh5 Bb5 45.Bg4 Bf1+ 46.Kh2 Bb5 47.f5 Bd7 48.h6 gxh6 49.f6 Bc6 50.Bd1 Kf8
51.Qc5+ Kg8 52.Qg1+ Qxg1+ 53.Kxg1 Bd7 54.h4 Kf8 55.Kf2 Ke8 56.Ke3  1-0

[Event "Lippstadt"]
[Site "Lippstadt"]
[Date "1995.??.??"]
[Round "3"]
[White "Stangl, Markus"]
[Black "Hoffmann, Michael"]
[Result "1-0"]
[WhiteElo "2560"]
[BlackElo "2485"]

1.c4 Nf6 2.Nc3 c5 3.Nf3 e6 4.g3 b6 5.Bg2 Bb7 6.O-O Be7 7.Re1 d6 8.e4 Nbd7
9.d4 cxd4 10.Nxd4 Qc7 11.Ndb5 Qb8 12.f4 O-O 13.g4 Rc8 14.g5 Ne8 15.Bf1 g6
16.Be3 Ng7 17.Rc1 a6 18.Nd4 Rc7 19.Qd2 Qd8 20.b3 Rac8 21.Nde2 Bc6 22.Ng3 Rb8
23.a4 Nc5 24.Rb1 Qd7 25.Red1 Rf8 26.Qc2 Qc8 27.Ra1 Ba8 28.Bh3 f5 29.gxf6 Bxf6
30.Rxd6 Bxc3 31.Qxc3 Nxe4 32.Nxe4 Bxe4 33.Qe5 Ba8 34.Rxb6 Rcf7 35.Bd4 Qd8
36.Bxe6  1-0

[Event "Litomysl op"]
[Site "Litomysl"]
[Date "1995.??.??"]
[Round "2"]
[White "Krivoshey, Sergei"]
[Black "Ungurs, Kazimirs"]
[Result "1-0"]
[WhiteElo "2420"]
[BlackElo "2230"]

1.Nf3 c5 2.c4 Nf6 3.Nc3 d5 4.cxd5 Nxd5 5.d4 Nxc3 6.bxc3 g6 7.Bg5 Bg7 8.e3 O-O
9.Be2 Nc6 10.O-O f6 11.Bh4 Kh8 12.Qa4 cxd4 13.cxd4 Bd7 14.Rac1 Na5 15.Qa3 b6
16.Bg3 Bc6 17.Rfd1 e6 18.d5 exd5 19.Nd4 Bd7 20.Bf3 Re8 21.Bxd5 Bf8 22.Qb2 Bg4
23.Nf3 Bg7 24.h3 Bxf3 25.Bxf3 f5 26.Rxd8 Bxb2 27.Rxa8 Rxa8 28.Rc2  1-0

[Event "POL-chT"]
[Site "Lubniewice"]
[Date "1995.??.??"]
[Round "7"]
[White "Dobosz, Henryk"]
[Black "Szypulski, Andrzej"]
[Result "1/2-1/2"]
[WhiteElo "2420"]
[BlackElo "2395"]

1.Nf3 c5 2.c4 Nf6 3.Nc3 b6 4.e4 d6 5.d4 cxd4 6.Nxd4 Bb7 7.f3 e6 8.Be3 Nbd7
9.Be2 Be7 10.O-O O-O 11.Rc1 a6 12.Kh1 Rc8 13.Qd2 Rc7 14.Rfd1 Qb8 15.Qe1 Rcc8
16.b4 Rfe8 17.a3 Bd8 18.Qg1  1/2-1/2

[Event "POL-chT"]
[Site "Lubniewice"]
[Date "1995.??.??"]
[Round "10"]
[White "Schmidt, Wlodzimierz"]
[Black "Tseshkovsky, Vitaly"]
[Result "1/2-1/2"]
[WhiteElo "2450"]
[BlackElo "2540"]

1.Nf3 Nf6 2.c4 e6 3.Nc3 c5 4.g3 b6 5.Bg2 Bb7 6.O-O Be7 7.d4 cxd4 8.Qxd4 d6
9.Rd1 a6 10.b3 Nbd7 11.e4 Qc7 12.Ba3 Nc5 13.e5 dxe5 14.Qxe5 Rc8 15.Qxc7 Rxc7
16.Ne5 Bxg2 17.Kxg2  1/2-1/2

[Event "CRO-chT"]
[Site "Makarska Tucepi"]
[Date "1995.??.??"]
[Round "?"]
[White "Sudar, Boris"]
[Black "Sindik, Ervin"]
[Result "1/2-1/2"]
[WhiteElo "2185"]
[BlackElo "2340"]

1.Nf3 c5 2.c4 Nf6 3.Nc3 e6 4.g3 b6 5.Bg2 Bb7 6.O-O Be7 7.d4 cxd4 8.Nxd4 Bxg2
9.Kxg2 Qc8 10.Qd3 Nc6 11.b3 O-O 12.Bb2 Rd8 13.Nxc6 dxc6 14.Qc2 c5 15.Rad1 Qc6+
16.Kg1 h6 17.Rxd8+ Rxd8  1/2-1/2

[Event "CRO-chT"]
[Site "Makarska Tucepi"]
[Date "1995.??.??"]
[Round "?"]
[White "Lalic, Bogdan"]
[Black "Samovojska, Damir"]
[Result "1-0"]
[WhiteElo "2590"]
[BlackElo "2355"]

1.c4 c5 2.Nf3 Nf6 3.Nc3 b6 4.e4 Bb7 5.e5 Ng4 6.h3 Nh6 7.d4 cxd4 8.Nb5 Nc6
9.Nbxd4 Nxd4 10.Nxd4 g6 11.Bf4 Qc8 12.Qd2 Nf5 13.Nxf5 gxf5 14.O-O-O Qc6 15.Kb1 O-O-O
16.f3 f6 17.Bd3 Bg7 18.exf6 Qxf6 19.Rhe1 Rhg8 20.Qc2 Bc6 21.c5 Kb7 22.cxb6 axb6
23.Bxf5 e6 24.Be4 d5 25.Bxh7 Qxf4 26.Bxg8 Ba4 27.Qh7 Rd7 28.Qd3 Bxd1 29.Rxd1 Qf6
30.Rd2 Rc7 31.a3 Rc5 32.Re2 Rc6 33.Ka2 Qh6 34.f4 Qf6 35.f5  1-0

[Event "CRO-chT"]
[Site "Makarska Tucepi"]
[Date "1995.??.??"]
[Round "?"]
[White "Lalic, Bogdan"]
[Black "Grosar, Aljosa"]
[Result "1/2-1/2"]
[WhiteElo "2590"]
[BlackElo "2485"]

1.c4 c5 2.Nf3 Nf6 3.Nc3 d5 4.cxd5 Nxd5 5.d4 cxd4 6.Qxd4 Nxc3 7.Qxc3 Nc6 8.e4 e6
9.Bb5 Bd7 10.O-O Qb6 11.a4 Qc5 12.Bd2 Qxc3 13.Bxc3 a6 14.Bc4 Rg8 15.Rfd1 Bb4
16.Bxb4 Nxb4 17.Ne5 Rd8 18.f4  1/2-1/2

[Event "CRO-chT"]
[Site "Makarska Tucepi"]
[Date "1995.??.??"]
[Round "?"]
[White "Bazaj Bockai, Snjezana"]
[Black "Zelic, Marina"]
[Result "1/2-1/2"]
[WhiteElo "2180"]
[BlackElo "2035"]

1.c4 c5 2.Nf3 Nf6 3.Nc3 d5 4.cxd5 Nxd5 5.d4 Nxc3 6.bxc3 g6 7.e3 Bg7 8.Bb5+ Bd7
9.Qb3 Qa5 10.Bxd7+ Nxd7 11.O-O b6 12.Bd2 Qa6 13.e4 O-O 14.Rad1 e6 15.Be3 c4
16.Qc2 Rfd8 17.Ng5 Nf6 18.e5 Nd5 19.Ne4 Qa3 20.Bg5 Rf8 21.Qd2 f5 22.exf6 Nxf6
23.Bxf6 Bxf6 24.Nxf6+ Rxf6 25.d5 Qd6 26.dxe6 Qxd2 27.Rxd2 Rxe6 28.Rd7 Re2
29.f4 a6 30.a4  1/2-1/2

[Event "Manresa op"]
[Site "Manresa"]
[Date "1995.??.??"]
[Round "4"]
[White "Vidarte Morales, Arturo"]
[Black "Ionescu, Cristian"]
[Result "1/2-1/2"]
[WhiteElo "2355"]
[BlackElo "2545"]

1.c4 Nf6 2.Nc3 c5 3.Nf3 e6 4.g3 b6 5.Bg2 Bb7 6.O-O a6 7.d4 cxd4 8.Qxd4 d6
9.Bg5 Nbd7 10.Nd2 Bxg2 11.Kxg2 Be7 12.Nde4 Qc7 13.Rfd1 O-O 14.Rac1 Rfd8 15.b3 h6
16.Bxf6 Nxf6 17.Kg1 Rac8 18.a4 Qb8 19.Qd3 Nd7 20.Nxd6 Nc5 21.Nxc8 Nxd3 22.Nxe7+ Kf8
23.Nc6 Qc7 24.Nxd8 Nxc1 25.Nxe6+ fxe6 26.Rxc1 Qd6 27.Ne4 Qd4 28.c5 Qb2 29.Rc4 Qxb3
30.Nd2 Qd1+ 31.Nf1 bxc5 32.e4 Ke7 33.Kg2 Kd6 34.Ne3 Qa1 35.h4 Qa2 36.Kg1 Qb3
37.Kg2 Qa2  1/2-1/2

[Event "Manresa op"]
[Site "Manresa"]
[Date "1995.??.??"]
[Round "7"]
[White "Spassov, Liuben"]
[Black "Magem Badals, Jorge"]
[Result "1/2-1/2"]
[WhiteElo "2450"]
[BlackElo "2560"]

1.Nf3 c5 2.c4 Nf6 3.Nc3 d5 4.cxd5 Nxd5 5.g3 Nc6 6.Bg2 Nc7 7.a3 g6 8.d3 Bg7
9.h4 h6 10.Bd2 Bd7 11.Rb1 a5 12.O-O Ne6 13.b3 O-O 14.Nd5 Ncd4 15.Nf4 Bc6
16.Nxe6 Nxe6 17.Qc1 Kh7 18.Re1 Rc8 19.Qd1 Nd4 20.Nxd4 Bxd4 21.b4 Bxg2 22.Kxg2 axb4
23.axb4 c4 24.dxc4 Rxc4 25.b5 Qb6  1/2-1/2

[Event "Manresa op"]
[Site "Manresa"]
[Date "1995.??.??"]
[Round "7"]
[White "Oms Pallise, Josep"]
[Black "Agnos, Demetrios"]
[Result "1/2-1/2"]
[WhiteElo "2340"]
[BlackElo "2450"]

1.Nf3 Nf6 2.c4 e6 3.Nc3 c5 4.g3 b6 5.Bg2 Bb7 6.O-O a6 7.Re1 Be7 8.e4 d6 9.d4 cxd4
10.Nxd4 Qc7 11.Be3 O-O 12.Rc1 Nbd7 13.f4 Rfe8 14.f5 e5 15.Nd5 Qd8 16.Nc2 Rc8
17.Ncb4 Nxd5 18.exd5 Bg5 19.Qd2 Bxe3+ 20.Qxe3 Nc5 21.Rf1 Qf6 22.Be4 Rc7 23.Rc2 Rec8
24.Nd3 Nxd3 25.Qxd3 b5 26.Rfc1 Qd8 27.b4 bxc4 28.Rxc4 Rxc4 29.Rxc4 Qb6+ 30.Kg2 Rxc4
31.Qxc4 Qe3 32.h4 h5 33.a4 f6 34.Bf3 Qd2+ 35.Kh3 Kh7 36.a5 Kh6 37.Bg2 Qd1
38.Kh2 Qd2 39.Kh3 Qd1  1/2-1/2

[Event "Capablanca mem-B"]
[Site "Matanzas"]
[Date "1995.??.??"]
[Round "10"]
[White "Hernandez, Roman"]
[Black "Hernandez, Gilberto"]
[Result "0-1"]
[WhiteElo "2435"]
[BlackElo "2510"]

1.Nf3 c5 2.c4 Nf6 3.Nc3 g6 4.g3 Nc6 5.Bg2 d6 6.O-O Bg7 7.d3 O-O 8.a3 Bd7
9.Rb1 a5 10.b3 Rb8 11.Bb2 e5 12.Ne1 Be6 13.Nd5 Nd4 14.e3 Nf5 15.Nc2 Nxd5
16.cxd5 Bd7 17.a4 b5 18.axb5 Bxb5 19.Na3 Qc7 20.Bc3 Rb7 21.Qd2 Ra8 22.Rfc1 h5
23.Bf1 Bd7 24.Nc4 Rba7 25.Ra1 a4 26.bxa4 Rxa4 27.Rxa4 Rxa4 28.Qb2 Ne7 29.e4 Nc8
30.Rb1 Bf8 31.Qb8 Qd8 32.Rb7 Ra2 33.Bb2 h4 34.Qc7 Qxc7 35.Rxc7 Bb5 36.Bc3 Bxc4
37.dxc4 Nb6 38.gxh4 Rc2 39.Rb7 Nxc4 40.Rb3 Nd2 41.Bxd2 Rxd2 42.h5 gxh5 43.Rg3+ Kh7
44.Rf3 Kg7 45.Ra3 f5 46.Rg3+ Kf6 47.Rf3 f4 48.Ra3 Rb2 49.f3 Be7 50.Ra6 Kf7
51.Bh3 Bh4 52.Ra7+ Ke8 53.Ra8+ Ke7 54.Ra7+ Ke8 55.Ra8+ Bd8 56.Bf5 c4 57.Rc8 Rc2
58.Kf1 Ke7 59.Ke1 Ba5+ 60.Kd1 Rd2+  0-1

[Event "Minsk"]
[Site "Minsk"]
[Date "1995.??.??"]
[Round "8"]
[White "Drogoon, A."]
[Black "Mochalov, Evgeny V"]
[Result "0-1"]
[WhiteElo "2340"]
[BlackElo "2455"]

1.c4 Nf6 2.Nc3 c5 3.Nf3 e6 4.g3 b6 5.Bg2 Bb7 6.O-O Be7 7.d4 cxd4 8.Qxd4 O-O
9.Rd1 Nc6 10.Qf4 d6 11.b3 Qb8 12.Ba3 Rd8 13.Nb5 Ne8 14.Ng5 Ne5 15.Bxd6 Nxd6
16.Qxe5 Nxb5 17.Rxd8+ Bxd8 18.Qxb5 Bf6 19.Qd7 Bxg2 20.Qxf7+ Kh8 21.Qxe6 Bxg5
22.Kxg2 Qe8 23.Qg4 Qc6+ 24.e4 Be7 25.Rd1 Bc5 26.Rd5 Qf6 27.Qe2 Re8 28.f4 h6
29.e5 Qg6 30.Qd3 Qxd3 31.Rxd3 a5 32.Kf3 Kg8 33.Ke4 Kf7 34.Rd7+ Re7 35.Rxe7+ Kxe7
36.f5 Bg1 37.h3 Bf2 38.g4 Kd7 39.Kd5 Bc5 40.h4 Be7 41.h5 Ba3 42.Ke4 Bb4 43.Kd5 Be7
44.Kd4 Kc6 45.Ke4 Kc5 46.Kd3 Kc6 47.Kd4 Bg5 48.Kd3 Kc5 49.Ke4 Bd8 50.Kd3 Kb4
51.Kd4 Ka3 52.c5 bxc5+ 53.Kxc5 Kxa2 54.Kd6 Kxb3 55.Kd7 Bg5 56.f6 Bxf6 57.exf6 gxf6
58.Ke6 a4 59.Kxf6 a3 60.g5 hxg5  0-1

[Event "Mlada Boleslav op"]
[Site "?"]
[Date "1995.??.??"]
[Round "?"]
[White "Krivoshey, Sergei"]
[Black "Romanov, Oleg"]
[Result "1/2-1/2"]
[WhiteElo "2420"]
[BlackElo "2345"]

1.Nf3 Nf6 2.c4 c5 3.Nc3 g6 4.e4 d6 5.d4 Bg7 6.Be2 O-O 7.O-O cxd4 8.Nxd4 Nc6
9.Be3 Nxd4 10.Bxd4 Be6 11.Rc1 a6 12.Be3 Rc8 13.b3 h6 14.f3 Qa5 15.Qd2 Kh7
16.Rfd1 Rfe8 17.Bf1 Qe5 18.Qf2 Nd7 19.Ne2 Nf6 20.Nf4 Bd7 21.Nd3 Qe6 22.Nf4 Qe5
23.Nd3 Qe6 24.c5 Bc6 25.Nf4 Qe5 26.Nd3 Qe6 27.Nf4 Qe5 28.Bc4 Rf8 29.Nd3 Qh5
30.Nf4 Qe5 31.Nd3 Qh5 32.cxd6 exd6 33.Nb4 Bb5 34.Bxb5 Qxb5 35.Qd2 Rfd8 36.Rxc8 Rxc8
37.a4 Qh5 38.Qxd6 Rc3 39.Qd2 Rxb3 40.Nd5 Nxd5 41.exd5 Be5 42.h3 Qf5 43.d6 Bxd6
44.Bxh6 Bg3 45.Bf8 Bf4 46.Qe1 Qe5 47.Qh4+ Kg8 48.Be7 Kg7 49.Bf8+ Kg8 50.Be7 Kg7
51.Bf8+ Kg8 52.Be7  1/2-1/2

[Event "USA-ch"]
[Site "Modesto"]
[Date "1995.??.??"]
[Round "3"]
[White "Orlov, Georgi"]
[Black "Kudrin, Sergey"]
[Result "0-1"]
[WhiteElo "2465"]
[BlackElo "2525"]

1.Nf3 c5 2.c4 Nf6 3.Nc3 b6 4.e4 d6 5.d4 cxd4 6.Nxd4 Bb7 7.Qe2 e6 8.g3 Be7
9.Bg2 a6 10.O-O Qc7 11.Bd2 O-O 12.Kh1 Nc6 13.Nc2 Rfe8 14.f4 Bf8 15.g4 Rac8
16.g5 Nd7 17.b3 Qb8 18.Rf3 g6 19.Rd1 Na7 20.Ne3 b5 21.Rh3 bxc4 22.Nxc4 d5
23.Na5 d4 24.Na4 Ba8 25.Nc4 Nb5 26.Qf2 Nd6 27.Ne5 Qb7 28.Nxd7 Qxd7 29.Nb6 Qa7
30.Nxa8 Rxa8 31.e5 Nf5 32.Bxa8 Qxa8+ 33.Qg2 Qb8 34.Qe4 Rc8 35.Rf3 Qb5 36.Rff1 Ba3
37.Rf3 a5 38.Be1 Kg7 39.Bf2 Bb2 40.Kg2 Qb4 41.h4 Qc5 42.Rh1 Qc2 43.Qxc2 Rxc2
44.h5 gxh5 45.Rxh5 Bc1 46.Kg1 Rxa2 47.Rfh3 Bxf4 48.Rxh7+ Kg6 49.Rh8 Bxe5
50.Rg8+ Bg7 51.Rf3 a4 52.Rxf5 Kxf5 53.Rxg7 d3 54.Rxf7+ Ke4 55.Kg2 d2 56.Rd7 axb3
57.g6 b2 58.g7 Ra8  0-1